000 00518nam a2200169Ia 4500
008 090711s9999 xx 000 0 und d
082 _b71129
100 _aमहानोर ना. धों.
245 _aशेतीसाठी पाणी
260 _c1991
300 _a133
600 _aमहानोर ना. धों.
630 _aशेतीसाठी पाणी
700 _aमहानोर ना. धों.
730 _aशेतीसाठी पाणी
942 _cBOOK
999 _c284103
_d284103